00986cpcaa2200265 a 4500001001300000003000400013005001700017008004100034010001700075040002400092072001200116245003800128300001300166506002200179520022900201546003600430580005700466600001900523650004200542650002300584650002200607651002500629700004900654999001700703mm 96006328 DLC20260227111725.0960313|||||||||||| eng  amm 96006328  aDLCcDLCdDLCedacs 7aC2lcmd00aBailey family papers,f1759-1819. a1fitem.0 aOpen to research.8 aPlantation account book kept by the Bailey family of Sussex County, Va., including records for the hiring out and medical care of slaves, medical fees and records of Zachariah Bailey, and Bailey family genealogical material. aCollection material in English. aForms part of: Miscellaneous Manuscripts collection.30aBailey family. 0aPlantationszVirginiazSussex County. 0aSlaveryzVirginia. 0aSlaveszVirginia. 0aVirginiavGenealogy.1 aBailey, Zachariah.tZachariah Bailey papers. c44349d44349